Statistiken für All Time Bundesliga 2 Top 4

Klicken Sie hier um das Quiz zu spielen!

Allgemein

  • Dieses Quiz wurde 52 mal gespielt
  • Das Durchschnittsergebnis liegt bei 29 aus 48

Antwortstatistiken

Saison1.2.3.4.% Korrekt
2019/20Arminia BielefeldVfB Stuttgart1. FC HeidenheimHamburger SV
76%
1979/80*Arminia Bielefeld1. FC NürnbergKarlsruher SCRot-Weiß Essen
76%
1998/99Arminia BielefeldSpVgg UnterhachingSSV Ulm 1846Hannover 96
76%
2021/22FC Schalke 04Werder BremenHamburger SVSV Darmstadt 98
76%
1990/91FC Schalke 04MSV DuisburgStuttgarter KickersFC Homburg 08
76%
1981/82FC Schalke 04Hertha BSCKickers Offenbach1860 München
76%
2015/16SC FreiburgRB Leipzig1. FC NürnbergFC St. Pauli
73%
1976/77*VfB Stuttgart1860 MünchenFC St. PauliArminia Bielefeld
73%
2016/17VfB StuttgartHannover 96Eintracht BraunschweigUnion Berlin
73%
1995/96VfL BochumArminia BielefeldMSV DuisburgSpVgg Unterhaching
73%
2005/06VfL BochumAlemannia AachenEnergie CottbusSC Freiburg
73%
1993/94VfL BochumKFC Uerdingen 051860 MünchenFC St. Pauli
73%
2020/21VfL BochumSpVgg Greuther FürthHolstein KielHamburger SV
73%
1988/89Fortuna DüsseldorfFC Homburg 081. FC SaarbrückenFortuna Köln
71%
2017/18Fortuna Düsseldorf1. FC NürnbergHolstein KielArminia Bielefeld
71%
1989/90Hertha BSCSG Wattenscheid 091. FC SaarbrückenStuttgarter Kickers
71%
2010/11Hertha BSCFC AugsburgVfL Bochum
SpVgg Greuther Fürth
71%
2012/13Hertha BSCEintracht Braunschweig1. FC KaiserslauternFSV Frankfurt
71%
1986/87Hannover 96Karlsruher SCFC St. PauliSV Darmstadt 98
67%
1974/75*Hannover 96KFC Uerdingen 05Karlsruher SCFK Pirmasens
67%
2001/02Hannover 96Arminia BielefeldVfL Bochum1. FSV Mainz 05
67%
1999/001. FC KölnVfL BochumEnergie Cottbua1. FC Nürnberg
65%
2018/191. FC KölnSC Paderborn 07Union BerlinHamburger SV
65%
2013/141. FC KölnSC Paderborn 07SpVgg Greuther Fürth1. FC Kaiserslautern
65%
2004/051. FC KölnMSV DuisburgEintracht Frankfurt1860 München
65%
2003/041. FC NürnbergArminia Bielefeld1. FSV Mainz 05Energie Cottbus
65%
1984/851. FC NürnbergHannover 961. FC SaarbrückenKSV Hessen Kassel
65%
2000/011. FC NürnbergBorussia MönchengladbachFC St. PauliSV Waldhof Mannheim
65%
2007/08Borussia MönchengladbachTSG 1899 Hoffenheim1. FC Köln1. FSV Mainz 05
65%
1997/98Eintracht FrankfurtSC Freiburg1. FC NürnbergFC St. Pauli
65%
1996/971. FC KaiserslauternVfL WolfsburgHertha BSC1. FSV Mainz 05
61%
2009/101. FC KaiserslauternFC St. PauliFC AugsburgFortuna Düsseldorf
61%
1980/81*Werder BremenEintracht BraunschweigSV Darmstadt 98Kickers Offenbach
59%
2008/09SC Freiburg1. FSV Mainz 051. FC NürnbergAlemannia Aachen
53%
2002/03SC Freiburg1. FC KölnEintracht Frankfurt1. FSV Mainz 05
53%
1992/93SC FreiburgMSV DuisburgVfB LeipzigSV Waldhof Mannheim
53%
2006/07Karlsruher SCHansa RostockMSV DuisburgSC Freiburg
51%
1983/84Karlsruher SCFC Schalke 04MSV DuisburgKSV Hessen Kassel
51%
1994/95Hansa RostockFC St. PauliFortuna DüsseldorfVfL Wolfsburg
45%
2011/12SpVgg Greuther FürthEintracht FrankfurtFortuna Düsseldorf
FC St. Pauli
45%
1977/78*SV Darmstadt 981. FC NürnbergArminia BielefeldRot-Weiß Essen
39%
1982/83SV Waldhof MannheimKickers OffenbachKFC Uerdingen 05KSV Hessen Kassel
31%
2014/15FC Ingolstadt 04SV Darmstadt 98Karlsruher SC1. FC Kaiserslautern
29%
1987/88Stuttgarter KickersFC St. PauliSV Darmstadt 98SG Wattenscheid 09
27%
1975/76*1. FC SaarbrückenTennis Borussia Berlin1. FC NürnbergBorussia Dortmund
25%
1991/92*1. FC SaarbrückenKFC Uerdingen 05VfB OldenburgSV Waldhof Mannheim
25%
1978/79*Bayer 04 LeverkusenKFC Uerdingen 051860 MünchenSpVgg Bayreuth
22%
1985/86FC Homburg 08Blau-Weiß 90 BerlinFortuna KölnArminia Bielefeld
20%

Verteilung der Resultate

Perzentil nach korrekt beantworteten Fragen

Anzahl Personen mit jedem Resultat

Ihre Resultats-Entwicklung

Sie haben dieses Quiz noch nicht gespielt